[Event "Prague op 22nd"]
[Site "Prague"]
[Date "2024.01.07"]
[Round "4"]
[White "Piotraschke, Jens"]
[Black "Bednar, Marcel"]
[Result "1-0"]
[WhiteElo "2056"]
[BlackElo "2249"]
[PlyCount "131"]
[EventDate "2024.01.05"]
[EventType "swiss"]
[EventRounds "9"]
[EventCountry "CZE"]
[SourceTitle "CB03_2024"]
[SourceDate "2024.01.17"]
[SourceVersion "1"]
[SourceVersionDate "2024.01.17"]
[SourceQuality "1"]

1. d4 Nf6 2. c4 c5 3. d5 b5 4. cxb5 a6 5. e3 axb5 6. Bxb5 Qa5+ 7. Nc3 Ba6 8. Bxa6 Nxa6 9. Nf3 Ne4 10. 0-0 Nxc3 11. bxc3 g6 12. e4 Bg7 13. d6 e6 14. e5 Qxc3 15. Bd2 Qd3 16. Qb3 Qd5 17. Bg5 c4 18. Qc3 Nc5 19. Be7 Nd3 20. Rfd1 g5 21. Bxg5 Rg8 22. Rxd3 Qxd3 23. Qxd3 cxd3 24. h4 h6 25. Bf4 Ra4 26. Rb1 f6 27. exf6 Rxf4 28. fxg7 Rxf3 29. gxf3 Kf7 30. Rd1 Ra8 31. Rxd3 Rxa2 32. Kg2 Kxg7 33. Kg3 Kf6 34. Rd4 h5 35. Rb4 Rd2 36. Rb5 Rd5 37. Rb8 Ke5 38. Rg8 Kxd6 39. f4 Rd3+ 40. f3 Rd5 41. Kf2 Rd2+ 42. Kg3 Rd5 43. Kf2 Kc5 44. Ke3 Rd1 45. Rg5+ d5 46. Rxh5 Ra1 47. f5 d4+ 48. Kf4 e5+ 49. Kxe5 Kc4 50. Rh8 Ra5+ 51. Ke4 d3 52. Rc8+ Kb3 53. Kxd3 Rxf5 54. Ke4 Rh5 55. f4 Rxh4 56. Ke5 Rh1 57. f5 Re1+ 58. Kd6 Rd1+ 59. Ke7 Re1+ 60. Kf7 Kb4 61. f6 Kb5 62. Kf8 Rh1 63. Rc2 Rf1 64. f7 Rg1 65. Re2 Kc6 66. Ke8 1-0

[Event "CZE-chT 2223"]
[Site "Czech Republic"]
[Date "2023.03.24"]
[Round "9.5"]
[White "Bednar, Marcel"]
[Black "Ludvik, Tomas"]
[Result "0-1"]
[WhiteElo "2247"]
[BlackElo "2231"]
[PlyCount "96"]
[EventDate "2022.10.15"]
[EventType "team-tourn"]
[EventRounds "11"]
[EventCountry "CZE"]
[SourceTitle "CBM 213 Extra"]
[Source "ChessBase"]
[SourceDate "2023.05.31"]
[SourceVersion "1"]
[SourceVersionDate "2023.05.31"]
[SourceQuality "1"]
[WhiteTeam "Lysa nad Labem"]
[BlackTeam "Pardubice"]
[WhiteTeamCountry "CZE"]
[BlackTeamCountry "CZE"]

1. d4 d5 2. Nf3 Nf6 3. e3 Bf5 4. Bd3 Bxd3 5. cxd3 c6 6. Nc3 e6 7. e4 Be7 8. Bg5 h6 9. Bh4 Nxe4 10. dxe4 Bxh4 11. Qb3 b6 12. a4 Nd7 13. 0-0 Be7 14. a5 0-0 15. Rfc1 Qb8 16. Rc2 Qf4 17. Re1 Qd6 18. Qa2 Qb4 19. a6 b5 20. Rec1 Bf6 21. exd5 cxd5 22. Ne2 Nb6 23. b3 Rac8 24. Nf4 Rxc2 25. Rxc2 Rc8 26. Kf1 Bxd4 27. Nd3 Rxc2 28. Nxb4 Rxa2 29. Nxa2 Bf6 30. Nb4 Nd7 31. Nc6 Nc5 32. Nfd4 b4 33. Nc2 Nxa6 34. N2xb4 Nxb4 35. Nxb4 Bd4 36. Nc6 Bb6 37. b4 Kf8 38. f4 Ke8 39. Ke2 f6 40. f5 exf5 41. h4 h5 42. b5 Kd7 43. Nb4 Kd6 44. Nd3 g5 45. Kd2 f4 46. Kc3 Be3 47. Kb4 g4 48. Kc3 f3 0-1

[Event "CZE-chT 2223"]
[Site "Czech Republic"]
[Date "2023.02.18"]
[Round "7.6"]
[White "Brejnik, Gustav"]
[Black "Bednar, Marcel"]
[Result "0-1"]
[WhiteElo "2280"]
[BlackElo "2247"]
[PlyCount "84"]
[EventDate "2022.10.15"]
[EventType "team-tourn"]
[EventRounds "11"]
[EventCountry "CZE"]
[SourceTitle "CBM 213 Extra"]
[Source "ChessBase"]
[SourceDate "2023.05.31"]
[SourceVersion "1"]
[SourceVersionDate "2023.05.31"]
[SourceQuality "1"]
[WhiteTeam "Kromeriz Slavia"]
[BlackTeam "Lysa nad Labem"]
[WhiteTeamCountry "CZE"]
[BlackTeamCountry "CZE"]

1. d4 Nf6 2. c4 c5 3. d5 b5 4. cxb5 a6 5. bxa6 Bxa6 6. Nc3 d6 7. e4 Bxf1 8. Kxf1 g6 9. Nf3 Nbd7 10. g3 Bg7 11. Kg2 0-0 12. a4 Qa5 13. Bd2 Rfb8 14. Nb5 Qd8 15. Qc2 Ne8 16. Bc3 Nc7 17. Nxc7 Qxc7 18. Bxg7 Kxg7 19. b3 Rb4 20. Rab1 Rab8 21. Nd2 Qa7 22. Rhe1 Kg8 23. h3 Qa6 24. Nc4 Nb6 25. Ne3 Qb7 26. Rbd1 Nd7 27. Nc4 Rxb3 28. Na5 Rb2 29. Qc1 Qa6 30. Nc6 R8b3 31. Nxe7+ Kf8 32. Nc6 Kg7 33. Qf4 Nf6 34. Qxd6 Nh5 35. Qe5+ Kh6 36. Kg1 f6 37. Qd6 Qc4 38. Nd8 Rxg3+ 39. fxg3 Qc2 40. Qf8+ Ng7 41. Nf7+ Kh5 42. g4+ Kh4 0-1

[Event "CZE-chT1W 2223"]
[Site "Czech Republic"]
[Date "2022.12.11"]
[Round "5.2"]
[White "Bouska, Jiri"]
[Black "Bednar, Marcel"]
[Result "1-0"]
[WhiteElo "2171"]
[BlackElo "2247"]
[PlyCount "121"]
[EventDate "2022.10.09"]
[EventType "team-tourn"]
[EventRounds "11"]
[EventCountry "CZE"]
[SourceTitle "CBM 213 Extra"]
[Source "ChessBase"]
[SourceDate "2023.05.31"]
[SourceVersion "1"]
[SourceVersionDate "2023.05.31"]
[SourceQuality "1"]
[WhiteTeam "Polabiny III"]
[BlackTeam "Lysa nad Labem II"]
[WhiteTeamCountry "CZE"]
[BlackTeamCountry "CZE"]

1. e4 g6 2. d4 Bg7 3. Nf3 d6 4. Nc3 Bg4 5. Be2 Nc6 6. Be3 Nf6 7. h3 Bxf3 8. Bxf3 0-0 9. d5 Ne5 10. Be2 c6 11. f4 Ned7 12. 0-0 cxd5 13. exd5 Rc8 14. Bf3 Nb6 15. Bd4 Nc4 16. b3 Na3 17. Qd3 Qa5 18. Rac1 Rc7 19. Ne2 b5 20. c3 Re8 21. Ng3 Rec8 22. Ne2 Qa6 23. h4 e6 24. dxe6 fxe6 25. Ng3 Re7 26. Rfe1 Rd8 27. h5 gxh5 28. Nf5 Kf7 29. Nxe7 Kxe7 30. Bxf6+ Kxf6 31. Bxh5 Qb6+ 32. Kf1 Qc5 33. Qxh7 Qf5 34. Qxf5+ Kxf5 35. Bf3 Rc8 36. Rxe6 b4 37. c4 Kxf4 38. Re4+ Kg5 39. Rg4+ Kf6 40. Rd1 Bf8 41. Rd5 Nc2 42. Rf4+ Ke7 43. Re4+ Kf6 44. Bd1 Na3 45. Rf4+ Ke7 46. Bg4 Rc5 47. Rxc5 dxc5 48. Bf5 Bh6 49. Rf3 Kf6 50. Bd3+ Ke5 51. Ke2 Kd4 52. Bh7 Ke5 53. g4 a5 54. g5 Bxg5 55. Rf5+ Kd4 56. Rxg5 a4 57. Rg3 axb3 58. axb3 Nxc4 59. Rg4+ Kc3 60. Rxc4+ Kxb3 61. Rxc5 1-0

[Event "CZE-chT1W 2223"]
[Site "Czech Republic"]
[Date "2022.11.27"]
[Round "4.6"]
[White "Bednar, Marcel"]
[Black "Plischki, Sebastian"]
[Result "1-0"]
[WhiteElo "2247"]
[BlackElo "2342"]
[PlyCount "101"]
[EventDate "2022.10.09"]
[EventType "team-tourn"]
[EventRounds "11"]
[EventCountry "CZE"]
[SourceTitle "CBM 213 Extra"]
[Source "ChessBase"]
[SourceDate "2023.05.31"]
[SourceVersion "1"]
[SourceVersionDate "2023.05.31"]
[SourceQuality "1"]
[WhiteTeam "Lysa nad Labem II"]
[BlackTeam "Praha DP EA Hotels II"]
[WhiteTeamCountry "CZE"]
[BlackTeamCountry "CZE"]

1. d4 Nf6 2. Nf3 g6 3. Nc3 d5 4. Bf4 Bg7 5. e3 0-0 6. Be2 c5 7. Qd2 Nc6 8. Ne5 cxd4 9. exd4 Bf5 10. 0-0-0 Rc8 11. Nxc6 Rxc6 12. Bb5 Rc8 13. Ba4 Bd7 14. Bb3 e6 15. a4 a6 16. Bd6 Re8 17. Ba3 Rc6 18. Kb1 Qb8 19. f3 Rec8 20. Na2 Bf8 21. Bxf8 Kxf8 22. Nb4 Rd6 23. Nd3 b6 24. Ne5 Be8 25. Qh6+ Kg8 26. h4 a5 27. h5 Rc7 28. hxg6 fxg6 29. Qf4 Qd8 30. g4 b5 31. axb5 Bxb5 32. g5 Nh5 33. Rxh5 gxh5 34. g6 hxg6 35. Rg1 Be8 36. Nxg6 Bxg6 37. Rxg6+ Rg7 38. Rf6 Rb6 39. Qe5 Qd7 40. Qxh5 Rg1+ 41. Ka2 a4 42. Bxd5 Rxb2+ 43. Kxb2 Qb5+ 44. Kc3 Qa5+ 45. Kc4 Qc7+ 46. Kb5 Qd7+ 47. Kc4 Qc7+ 48. Bc6 Qxc6+ 49. Qc5 Qa6+ 50. Kc3 Rg7 51. Rf8+ 1-0

[Event "CZE-chT1W 1920"]
[Site "Czech Republic"]
[Date "2020.06.14"]
[Round "11.8"]
[White "Bednar, Marcel"]
[Black "Slampa, Jan"]
[Result "0-1"]
[WhiteElo "2251"]
[BlackElo "2240"]
[PlyCount "60"]
[EventDate "2019.10.20"]
[EventType "team-tourn"]
[EventRounds "11"]
[EventCountry "CZE"]
[SourceTitle "EXT 2021"]
[Source "ChessBase"]
[SourceDate "2020.10.23"]
[SourceVersion "1"]
[SourceVersionDate "2020.10.23"]
[SourceQuality "1"]
[WhiteTeam "Lysa nad Labem III"]
[BlackTeam "Unichess"]
[WhiteTeamCountry "CZE"]
[BlackTeamCountry "CZE"]

1. d4 d5 2. Nf3 Nf6 3. e3 c6 4. Bd3 a6 5. Nbd2 e6 6. Ne5 Nbd7 7. f4 c5 8. c3 b5 9. 0-0 Bd6 10. Rf3 Bb7 11. Rh3 Qe7 12. Qf3 c4 13. Bc2 h6 14. g4 0-0-0 15. b4 g5 16. Rg3 h5 17. gxh5 gxf4 18. exf4 Nxh5 19. Rg5 Rdg8 20. h4 Nxe5 21. dxe5 Bxe5 22. Nf1 f6 23. Rxg8+ Rxg8+ 24. Kf2 f5 25. Bxf5 Qxh4+ 26. Ke2 Ng3+ 27. Nxg3 Rxg3 28. Bxe6+ Kb8 29. Qf2 Bxc3 30. Rb1 Qh5+ 0-1

[Event "CZE-chT2C 1920"]
[Site "Czech Republic"]
[Date "2020.02.09"]
[Round "8.2"]
[White "Vitak, Jiri"]
[Black "Bednar, Marcel"]
[Result "1/2-1/2"]
[WhiteElo "2220"]
[BlackElo "2251"]
[PlyCount "64"]
[EventDate "2019.10.13"]
[EventType "team-tourn"]
[EventRounds "11"]
[EventCountry "CZE"]
[SourceTitle "EXT 2024"]
[Source "ChessBase"]
[SourceDate "2023.10.10"]
[SourceVersion "1"]
[SourceVersionDate "2023.10.10"]
[SourceQuality "1"]
[WhiteTeam "Liberec Desko"]
[BlackTeam "Lysa nad Labem Joly III"]
[WhiteTeamCountry "CZE"]
[BlackTeamCountry "CZE"]

1. d4 Nf6 2. c4 g6 3. Nc3 d5 4. Bg5 Bg7 5. Bxf6 Bxf6 6. cxd5 c6 7. e3 cxd5 8. Qb3 e6 9. Nge2 Nc6 10. Nf4 0-0 11. Be2 Na5 12. Qc2 Bd7 13. Rc1 Rc8 14. Qb1 Be7 15. 0-0 Nc4 16. Rfd1 Qa5 17. Nd3 Bb4 18. Nxb4 Qxb4 19. Bxc4 Rxc4 20. a3 Qb3 21. Rd2 Rfc8 22. h4 Kg7 23. Re1 f5 24. f3 Kf6 25. g3 Qb6 26. Kh2 Rg8 27. Kg2 Qd6 28. Ne2 Bb5 29. Nf4 Rc7 30. Kf2 a5 31. Nh3 Kg7 32. Ng5 Rgc8 1/2-1/2

[Event "CZE-chT1W 1920"]
[Site "Czech Republic"]
[Date "2020.02.02"]
[Round "7.1"]
[White "Bednar, Marcel"]
[Black "Rut, Vojtech"]
[Result "1-0"]
[WhiteElo "2251"]
[BlackElo "2117"]
[PlyCount "127"]
[EventDate "2019.10.20"]
[EventType "team-tourn"]
[EventRounds "11"]
[EventCountry "CZE"]
[SourceTitle "CBM 194 Extra"]
[Source "ChessBase"]
[SourceDate "2020.03.31"]
[SourceVersion "1"]
[SourceVersionDate "2020.03.31"]
[SourceQuality "1"]
[WhiteTeam "Lysa nad Labem III"]
[BlackTeam "Vysehrad"]
[WhiteTeamCountry "CZE"]
[BlackTeamCountry "CZE"]

1. d4 e6 2. g3 f5 3. Bg2 Nf6 4. Nh3 d6 5. c3 e5 6. Qb3 c6 7. 0-0 Qb6 8. Na3 Qxb3 9. axb3 exd4 10. Nc4 Nbd7 11. Nf4 Kf7 12. cxd4 d5 13. Nd2 Bd6 14. Nf3 Re8 15. Re1 Ne4 16. Nd3 h6 17. h4 Kf6 18. h5 a6 19. Bf4 Bxf4 20. gxf4 g6 21. hxg6 Kxg6 22. Nh4+ Kf6 23. Kh2 Rg8 24. Bh3 Nf8 25. Rg1 Rxg1 26. Rxg1 Be6 27. b4 a5 28. Ra1 a4 29. Nf3 Bf7 30. Nfe5 Ne6 31. e3 Bh5 32. f3 Nd2 33. Kg3 Nb3 34. Ra3 Ra6 35. Bf1 Nd2 36. Be2 b5 37. Kf2 Nc4 38. Ra1 Be8 39. Bd1 Ke7 40. Bc2 Nxe5 41. Nxe5 Kf6 42. Ra3 Nc7 43. Nd3 Ra8 44. Ra1 Na6 45. Ke2 Ra7 46. b3 axb3 47. Bxb3 Ra8 48. Nc5 Nc7 49. Ra5 Bf7 50. Kf2 Be6 51. e4 Ke7 52. Kg3 Rg8+ 53. Kf2 Ra8 54. Kg3 Rg8+ 55. Kf2 Ra8 56. Bc2 Bc8 57. Kg3 Rxa5 58. bxa5 fxe4 59. fxe4 dxe4 60. Bxe4 Kd6 61. f5 Na6 62. f6 Nxc5 63. dxc5+ Ke6 64. Bf5+ 1-0

[Event "CZE-chT2C 1920"]
[Site "Czech Republic"]
[Date "2019.11.03"]
[Round "2.3"]
[White "Hora, Milan"]
[Black "Bednar, Marcel"]
[Result "0-1"]
[WhiteElo "2157"]
[BlackElo "2251"]
[PlyCount "94"]
[EventDate "2019.10.13"]
[EventType "team-tourn"]
[EventRounds "11"]
[EventCountry "CZE"]
[SourceTitle "EXT 2024"]
[Source "ChessBase"]
[SourceDate "2023.10.10"]
[SourceVersion "1"]
[SourceVersionDate "2023.10.10"]
[SourceQuality "1"]
[WhiteTeam "Kolin"]
[BlackTeam "Lysa nad Labem Joly III"]
[WhiteTeamCountry "CZE"]
[BlackTeamCountry "CZE"]

1. d4 Nf6 2. Nf3 b5 3. Qd3 a6 4. a4 b4 5. e4 Bb7 6. e5 Ne4 7. Nbd2 Nxd2 8. Bxd2 e6 9. Bg5 Qc8 10. Be2 c5 11. dxc5 Bd5 12. c4 bxc3 13. Qxc3 Qxc5 14. Qxc5 Bxc5 15. 0-0 Nc6 16. Rac1 Be7 17. Bd2 0-0 18. b4 Nxb4 19. Bxb4 Bxb4 20. Nd4 Ba5 21. Bc4 Bxc4 22. Rxc4 Rfc8 23. Rfc1 Rxc4 24. Rxc4 Rb8 25. g3 f6 26. exf6 gxf6 27. Nc2 d5 28. Rc5 Rb1+ 29. Kg2 Bb6 30. Rc6 Kf7 31. a5 Bxa5 32. Rxa6 Bb6 33. Ra2 e5 34. Ne3 Ke6 35. g4 e4 36. Rd2 d4 37. Nc4 Bc5 38. Ra2 Bb4 39. Rb2 Rxb2 40. Nxb2 Ba3 41. Nc4 Bc1 42. Kf1 Kd5 43. Na5 Bf4 44. h3 Bc7 45. Nb3 Kc4 46. Nc1 d3 47. Ke1 Bf4 0-1

[Event "CZE-chT2C 1920"]
[Site "Czech Republic"]
[Date "2019.10.13"]
[Round "1.3"]
[White "Bednar, Marcel"]
[Black "Kucera, Petr"]
[Result "1-0"]
[WhiteElo "2251"]
[BlackElo "2205"]
[PlyCount "63"]
[EventDate "2019.10.13"]
[EventType "team-tourn"]
[EventRounds "11"]
[EventCountry "CZE"]
[SourceTitle "EXT 2024"]
[Source "ChessBase"]
[SourceDate "2023.10.10"]
[SourceVersion "1"]
[SourceVersionDate "2023.10.10"]
[SourceQuality "1"]
[WhiteTeam "Lysa nad Labem Joly III"]
[BlackTeam "Turnov Zikuda III"]
[WhiteTeamCountry "CZE"]
[BlackTeamCountry "CZE"]

1. d4 d5 2. Nf3 c5 3. e3 Nc6 4. Nbd2 cxd4 5. exd4 Bf5 6. Nh4 Bg6 7. Nxg6 hxg6 8. Nb3 Qc7 9. g3 e6 10. Qe2 Bd6 11. Bg2 Nge7 12. c3 0-0-0 13. Bg5 Kb8 14. Rd1 Rh5 15. h4 f6 16. Bc1 e5 17. Kf1 Rhh8 18. dxe5 Bxe5 19. Nc5 Qc8 20. Bh3 Nf5 21. Kg2 Rhe8 22. Qb5 Ka8 23. Rhe1 d4 24. c4 Nce7 25. Nd3 Bb8 26. Bg4 Nxh4+ 27. Kh3 Nhf5 28. Re4 Qc6 29. Rde1 Qxb5 30. cxb5 Rh8+ 31. Kg2 Nc8 32. Bf3 1-0

[Event "Oberliga Ost-A 1819"]
[Site "Germany"]
[Date "2019.03.23"]
[Round "8.4"]
[White "Bednar, Marcel"]
[Black "Escher, Thomas"]
[Result "1/2-1/2"]
[WhiteElo "2253"]
[BlackElo "2155"]
[PlyCount "109"]
[EventDate "2018.10.21"]
[EventType "team-tourn"]
[EventRounds "11"]
[EventCountry "GER"]
[SourceTitle "EXT 2020"]
[Source "ChessBase"]
[SourceDate "2019.10.17"]
[SourceVersion "1"]
[SourceVersionDate "2019.10.17"]
[SourceQuality "1"]
[WhiteTeam "Magdeburg Rochade"]
[BlackTeam "Coswig TuS"]
[WhiteTeamCountry "GER"]
[BlackTeamCountry "GER"]

1. d4 d5 2. Nf3 Nc6 3. Bf4 Bg4 4. e3 e6 5. h3 Bxf3 6. Qxf3 Bd6 7. Bb5 Nge7 8. 0-0 0-0 9. Nc3 a6 10. Bxc6 Nxc6 11. Rad1 Qf6 12. Rfe1 Bxf4 13. Qxf4 Qxf4 14. exf4 g6 15. Na4 b6 16. Re3 Ne7 17. g4 Kg7 18. Kg2 Rh8 19. f3 h6 20. h4 Kf6 21. Kg3 Rab8 22. Rb3 Rhc8 23. Kf2 h5 24. Rd2 Nc6 25. Ra3 Ra8 26. Nc3 Na5 27. b3 Nb7 28. Ne2 Nd6 29. Rd1 c5 30. dxc5 bxc5 31. c4 d4 32. Ng3 Rh8 33. g5+ Ke7 34. Re1 a5 35. Re5 Rhc8 36. Ra4 Kd7 37. Ke2 Kc6 38. Kd3 Rcb8 39. Ne4 Nxe4 40. Rxe4 Kd6 41. Re2 Rb4 42. Rxb4 axb4 43. Ke4 Re8 44. Rg2 Rd8 45. Rd2 Rd7 46. Rd3 f5+ 47. gxf6 Rf7 48. Rd1 Rxf6 49. Rg1 Ke7 50. Rg2 Kf7 51. a4 bxa3 52. Ra2 e5 53. Rxa3 exf4 54. Ra7+ Kg8 55. b4 1/2-1/2

[Event "CZE-chT1W 1819"]
[Site "Czech Republic"]
[Date "2019.01.20"]
[Round "6.2"]
[White "Bednar, Marcel"]
[Black "Nagy, Gabor"]
[Result "1/2-1/2"]
[WhiteElo "2253"]
[BlackElo "2462"]
[PlyCount "92"]
[EventDate "2018.10.21"]
[EventType "team-tourn"]
[EventRounds "11"]
[EventCountry "CZE"]
[SourceTitle "CBM 188 Extra"]
[Source "ChessBase"]
[SourceDate "2019.02.26"]
[SourceVersion "1"]
[SourceVersionDate "2019.02.26"]
[SourceQuality "1"]
[WhiteTeam "Lysa nad Labem III"]
[BlackTeam "Kozolupy"]
[WhiteTeamCountry "CZE"]
[BlackTeamCountry "CZE"]

1. d4 Nf6 2. c4 b6 3. f3 Nc6 4. d5 Ne5 5. Qd4 Ng6 6. e4 e5 7. Qf2 Bc5 8. Be3 d6 9. h4 h5 10. g3 Nh7 11. Bh3 0-0 12. Bf5 Bxf5 13. exf5 Ne7 14. g4 e4 15. Bxc5 dxc5 16. fxe4 Nf6 17. Qf4 Nxg4 18. Nf3 b5 19. Nc3 b4 20. Ne2 Qd6 21. Rg1 Rae8 22. Qxd6 cxd6 23. Kd2 Nc8 24. Ng3 Nb6 25. b3 Nd7 26. a4 Ndf6 27. Rae1 Re7 28. Re2 Rfe8 29. Ng5 Ne5 30. Rf1 a5 31. Rf4 Rb7 32. Rf1 Kf8 33. Kc2 Ke7 34. Rf4 Kd8 35. Rh2 Rbe7 36. Re2 Rh8 37. Kd2 Rh6 38. Rh2 Nfd7 39. Rh1 Nb6 40. Rc1 Rb7 41. Nf3 Nbd7 42. Ng5 Ke8 43. Rff1 Rh8 44. Rf4 Nf6 45. Rff1 Re7 46. Rf4 Kd7 1/2-1/2

[Event "Prague op-A 18th"]
[Site "Prague"]
[Date "2019.01.13"]
[Round "4"]
[White "Mindl, Josef"]
[Black "Bednar, Marcel"]
[Result "1/2-1/2"]
[WhiteElo "1966"]
[BlackElo "2268"]
[PlyCount "31"]
[EventDate "2019.01.11"]
[EventType "swiss"]
[EventRounds "9"]
[EventCountry "CZE"]
[SourceTitle "CBM 188 Extra"]
[Source "ChessBase"]
[SourceDate "2019.02.26"]
[SourceVersion "1"]
[SourceVersionDate "2019.02.26"]
[SourceQuality "1"]

1. e4 c5 2. Nf3 d6 3. d4 cxd4 4. Nxd4 Nf6 5. Nc3 a6 6. h3 e6 7. g4 d5 8. exd5 Nxd5 9. Nde2 Bb4 10. Bg2 Nxc3 11. Qxd8+ Kxd8 12. Nxc3 Ke7 13. 0-0 Rd8 14. a3 Ba5 15. Be3 Nd7 16. Rad1 1/2-1/2

[Event "Sachsen-Anhalt Verbandsliga 2017/18"]
[Site "Sachsen Anhalt"]
[Date "2018.04.15"]
[Round "9.2"]
[White "Feldmann, Michael"]
[Black "Bednar, Marcel"]
[Result "0-1"]
[WhiteElo "2109"]
[BlackElo "2237"]
[PlyCount "40"]
[EventDate "2017.12.22"]
[EventType "team-tourn"]
[EventRounds "9"]
[EventCountry "GER"]
[SourceTitle "EXT 2020"]
[Source "ChessBase"]
[SourceDate "2019.10.17"]
[SourceVersion "1"]
[SourceVersionDate "2019.10.17"]
[SourceQuality "1"]
[WhiteTeam "Halle Einheit"]
[BlackTeam "Magdeburg Rochade"]
[WhiteTeamCountry "GER"]
[BlackTeamCountry "GER"]

1. d4 Nf6 2. Nf3 g6 3. c4 Bg7 4. Nc3 d5 5. cxd5 Nxd5 6. e4 Nxc3 7. bxc3 c5 8. h3 0-0 9. Be2 Nc6 10. Be3 Qa5 11. Bd2 e6 12. 0-0 Rd8 13. c4 Qc7 14. d5 Nd4 15. Nxd4 Bxd4 16. Rb1 exd5 17. exd5 Bxh3 18. gxh3 Qg3+ 19. Kh1 Qxh3+ 20. Kg1 Be5 0-1

[Event "Liberec op 18th"]
[Site "Liberec"]
[Date "2018.03.02"]
[Round "8"]
[White "Vitak, Jiri"]
[Black "Bednar, Marcel"]
[Result "1/2-1/2"]
[WhiteElo "1968"]
[BlackElo "2246"]
[PlyCount "48"]
[EventDate "2018.02.24"]
[EventType "swiss"]
[EventRounds "9"]
[EventCountry "CZE"]
[SourceTitle "CBM 183 Extra"]
[Source "ChessBase"]
[SourceDate "2018.04.19"]
[SourceVersion "1"]
[SourceVersionDate "2018.04.19"]
[SourceQuality "1"]

1. d4 Nf6 2. c4 c5 3. Nf3 g6 4. Nc3 Bg7 5. e4 d6 6. Be2 0-0 7. 0-0 cxd4 8. Nxd4 a6 9. Be3 Nbd7 10. Qd2 Nc5 11. f3 Re8 12. Rfd1 b6 13. Rac1 Bb7 14. Bf1 Rc8 15. Qf2 e6 16. Nc2 Qc7 17. Na3 Qb8 18. b4 Ncd7 19. Na4 d5 20. exd5 b5 21. Nc5 Nxc5 22. bxc5 b4 23. Rb1 exd5 24. Rxb4 Rxe3 1/2-1/2

[Event "Liberec op 18th"]
[Site "Liberec"]
[Date "2018.03.01"]
[Round "7"]
[White "Bednar, Marcel"]
[Black "Jedynak, Radoslaw"]
[Result "0-1"]
[WhiteElo "2246"]
[BlackElo "2342"]
[PlyCount "86"]
[EventDate "2018.02.24"]
[EventType "swiss"]
[EventRounds "9"]
[EventCountry "CZE"]
[SourceTitle "CBM 183 Extra"]
[Source "ChessBase"]
[SourceDate "2018.04.19"]
[SourceVersion "1"]
[SourceVersionDate "2018.04.19"]
[SourceQuality "1"]

1. d4 d5 2. c4 dxc4 3. e4 b5 4. a4 c6 5. Nf3 e6 6. Bg5 f6 7. Be3 Bb4+ 8. Nbd2 Ne7 9. Be2 0-0 10. 0-0 f5 11. g3 Nd7 12. Qc2 Nf6 13. Rfd1 fxe4 14. Ng5 h6 15. Ngxe4 Ned5 16. Nxf6+ Qxf6 17. Nf3 Bb7 18. Rf1 Qf5 19. Rac1 Qxc2 20. Rxc2 Nb6 21. Ne5 Nxa4 22. Bg4 Rfe8 23. Bh5 Rf8 24. Bg4 Rfe8 25. Bh5 Re7 26. Bf3 c5 27. Ra1 Bxf3 28. Nxf3 a5 29. Rxa4 bxa4 30. dxc5 Rc7 31. Rxc4 Rac8 32. Kg2 Bxc5 33. Bf4 Bd6 34. Rxa4 Bxf4 35. gxf4 Ra8 36. Ne5 Rb7 37. Nc6 Ra6 38. Nxa5 Rxb2 39. Ra3 Rb4 40. Nc4 Rxa3 41. Nxa3 Rxf4 42. Nc2 Ra4 43. Ne3 Kf7 0-1

[Event "Liberec op 18th"]
[Site "Liberec"]
[Date "2018.02.26"]
[Round "3"]
[White "Saglam, Buelent"]
[Black "Bednar, Marcel"]
[Result "1-0"]
[WhiteElo "2083"]
[BlackElo "2246"]
[PlyCount "66"]
[EventDate "2018.02.24"]
[EventType "swiss"]
[EventRounds "9"]
[EventCountry "CZE"]
[SourceTitle "CBM 183 Extra"]
[Source "ChessBase"]
[SourceDate "2018.04.19"]
[SourceVersion "1"]
[SourceVersionDate "2018.04.19"]
[SourceQuality "1"]

1. d4 Nf6 2. c4 g6 3. Nc3 d5 4. cxd5 Nxd5 5. e4 Nxc3 6. bxc3 Bg7 7. Nf3 c5 8. Rb1 cxd4 9. cxd4 Qa5+ 10. Bd2 Qxa2 11. Qc1 Qe6 12. Ng5 Qd7 13. Bb5 Nc6 14. d5 0-0 15. dxc6 Qd4 16. 0-0 a6 17. Be3 Qe5 18. cxb7 Bxb7 19. Bd7 Bc8 20. Bf4 Bxd7 21. Bxe5 Bxe5 22. Rd1 Bb5 23. Rd5 Bg7 24. h4 e6 25. Rdxb5 axb5 26. h5 Rac8 27. Qf4 Rc5 28. hxg6 hxg6 29. Qh4 Re8 30. Rd1 Rc7 31. Rd3 Be5 32. Qh7+ Kf8 33. g3 Bf6 1-0

[Event "CZE-chT 1718"]
[Site "Czech Republic"]
[Date "2018.02.11"]
[Round "8.5"]
[White "Bednar, Marcel"]
[Black "Rabatin, Jakub"]
[Result "1/2-1/2"]
[WhiteElo "2246"]
[BlackElo "2288"]
[PlyCount "128"]
[EventDate "2017.11.18"]
[EventType "team-tourn"]
[EventRounds "11"]
[EventCountry "CZE"]
[SourceTitle "EXT 2019"]
[Source "ChessBase"]
[SourceDate "2018.10.10"]
[SourceVersion "1"]
[SourceVersionDate "2018.10.10"]
[SourceQuality "1"]
[WhiteTeam "Lysa nad Labem II"]
[BlackTeam "Frydek Mistek"]
[WhiteTeamCountry "CZE"]
[BlackTeamCountry "CZE"]

1. g3 Nf6 2. Bg2 d5 3. Nf3 c6 4. d3 Bg4 5. Nbd2 Nbd7 6. h3 Bh5 7. e4 dxe4 8. dxe4 e6 9. Qe2 Be7 10. 0-0 Bxf3 11. Nxf3 a5 12. Rd1 Qc7 13. Nd4 0-0 14. a4 Rfe8 15. b3 g6 16. Bb2 e5 17. Nf3 Bf8 18. Nd2 Nc5 19. Nc4 Nfd7 20. Bc3 b6 21. h4 Rad8 22. Bh3 Ne6 23. Bxe6 Rxe6 24. Rd3 Rb8 25. Rad1 Nc5 26. Rf3 b5 27. axb5 cxb5 28. Ne3 Nxe4 29. Nd5 Nxc3 30. Rxc3 Qa7 31. Nc7 Rd6 32. Rd5 Rxd5 33. Nxd5 Bg7 34. Rc7 Qd4 35. Ne7+ Kh8 36. Nc6 Qd6 37. Nxb8 Qxc7 38. Qxb5 h5 39. Nc6 Kh7 40. c4 e4 41. Kg2 Bc3 42. Qd5 f5 43. Nd8 e3 44. fxe3 Be1 45. Qb7 Qxb7+ 46. Nxb7 Kg7 47. Kf3 Kf6 48. Nc5 Bc3 49. Nd3 Ke6 50. Ke2 Kd6 51. Kf3 Bd2 52. Kf4 Ke6 53. Kg5 Kf7 54. Ne5+ Ke6 55. Nxg6 Bxe3+ 56. Kxh5 Kd6 57. Nf4 Kc5 58. Nd5 Bf2 59. g4 fxg4 60. Kxg4 a4 61. bxa4 Kxc4 62. Nf4 Bxh4 63. Kxh4 Kb4 64. Nd3+ Kxa4 1/2-1/2